Igauan semalam
| Main Author: | |
|---|---|
| Format: | Book |
| Published: |
Selangor :
KarnaDya Solutions ,
2009
|
| Subjects: |
MARC
| LEADER | 00000cam a2200000 7i4500 | ||
|---|---|---|---|
| 001 | 0000069776 | ||
| 005 | 20170202.0 | ||
| 008 | 170202 | ||
| 020 | |a 9789675367120 | ||
| 090 | 0 | 0 | |a HAN |b MAL |
| 100 | 0 | |a Hani El Zahra | |
| 245 | 1 | 0 | |a Igauan semalam |c Hani El Zahra |
| 260 | |a Selangor : |b KarnaDya Solutions , |c 2009 | ||
| 300 | |a 443 p : |b 18.5 cm | ||
| 650 | 0 | |a Malay fiction | |
| 999 | |a 0001421594 |b Book |c Adult Collection |e Perbadanan Perpustakaan Awam Johor | ||